000 00755nam a22002657a 4500
001 sjds
003 sjds
005 20221222104732.0
008 221222b sp ||||| |||| 00| 0 spa d
020 _a9788434844858
020 _a8434844850
040 _csjds
041 _aspa
100 1 _aBour-Chollet, Celine.
245 1 3 _aLa hora
_cCeline Bour-Chollet, Daniel Moignot, Donald Grant, Andre. Verdet, Gallimard Jeunesse (Publisher)
246 _aLa hora
260 _aMadrid :
_bSM,
_cc1995
300 _a 1 volume (unpaged) :
_bcolor illustrations ;
_c19 cm
440 _a Mundo maravilloso
700 1 _aMoignot, Daniel.
700 1 _aGrant, Donald.
700 1 _aVerdet, Andre.
710 2 _aGallimard Jeunesse
_ePublisher
942 _cBK
999 _c27599
_d27599